000 00261nam a22001217a 4500
008 170714b xxu||||| |||| 00| 0 eng d
041 _aeng
080 _a030
100 _a23
101 _aFJA
245 _aA STUDIES DICTIONARY
_cLUCI/D.D
942 _2udc
_cBK
999 _c20906
_d20906